Unlocking the church's best kept secret : (Record no. 37634)
[ view plain ]
| 000 -LEADER | |
|---|---|
| fixed length control field | 01105cam a2200277 a 4500 |
| 001 - CONTROL NUMBER | |
| control field | 17626450 |
| 005 - DATE AND TIME OF LATEST TRANSACTION | |
| control field | 20140721142210.0 |
| 008 - FIXED-LENGTH DATA ELEMENTS--GENERAL INFORMATION | |
| fixed length control field | 130214s2012 ph b 001 0 eng |
| 010 ## - LIBRARY OF CONGRESS CONTROL NUMBER | |
| LC control number | 2012325732 |
| 020 ## - INTERNATIONAL STANDARD BOOK NUMBER | |
| International Standard Book Number | 9789715506502 |
| 040 ## - CATALOGING SOURCE | |
| Original cataloging agency | DLC |
| Transcribing agency | DLC |
| Modifying agency | DLC |
| 042 ## - AUTHENTICATION CODE | |
| Authentication code | lcode |
| -- | pcc |
| 100 1# - MAIN ENTRY--PERSONAL NAME | |
| Personal name | Cartagenas, Aloysius Lopez. |
| 245 10 - TITLE STATEMENT | |
| Title | Unlocking the church's best kept secret : |
| Remainder of title | principles for the interpretation, communication, and praxis of Catholic social teaching / |
| Statement of responsibility, etc | Aloysius Lopez Cartagenas. |
| 264 ## - PRODUCTION, PUBLICATION, DISTRIBUTION, MANUFACTURE STATEMENTS | |
| Place of production, publication, distribution, manufacture | Quezon City : |
| Name of producer, publisher, distributor, manufacturer | <a href="Ateneo de Manila University Press,">Ateneo de Manila University Press,</a> |
| Date of production, publication, distribution, manufacture | c2012. |
| 300 ## - PHYSICAL DESCRIPTION | |
| Extent | xiv, 279 p. ; |
| Dimensions | 23 cm. |
| 336 ## - CONTENT TYPE | |
| Source | rdacontent |
| Content Type Term | text |
| 337 ## - MEDIA TYPE | |
| Source | rdamedia |
| Media Type Term | unmediated |
| 338 ## - CARRIER TYPE | |
| Source | rdacarrier |
| Carrier Type Term | volume |
| 500 ## - GENERAL NOTE | |
| General note | Revision of the author's thesis (doctoral)--Katholieke Universiteit Leuven, 1996. |
| 504 ## - BIBLIOGRAPHY, ETC. NOTE | |
| Bibliography, etc | Includes bibliographical references (p. 253-269) and index. |
| 610 20 - SUBJECT ADDED ENTRY--CORPORATE NAME | |
| Corporate name or jurisdiction name as entry element | Catholic Church |
| General subdivision | Doctrines. |
| 650 #0 - SUBJECT ADDED ENTRY--TOPICAL TERM | |
| Topical term or geographic name as entry element | Christian sociology |
| General subdivision | Catholic Church. |
| 856 41 - ELECTRONIC LOCATION AND ACCESS | |
| Materials specified | Table of contents only |
| Uniform Resource Identifier | <a href="http://www.loc.gov/catdir/toc/fy13pdf06/2012325732.html">http://www.loc.gov/catdir/toc/fy13pdf06/2012325732.html</a> |
| 942 ## - ADDED ENTRY ELEMENTS (KOHA) | |
| Source of classification or shelving scheme | Library of Congress Classification |
| Item type | Books |
| Withdrawn status | Lost status | Source of classification or shelving scheme | Damaged status | Not for loan | Home library | Current library | Shelving location | Date acquired | Inventory number | Total Checkouts | Full call number | Barcode | Date last seen | Price effective from | Koha item type |
|---|---|---|---|---|---|---|---|---|---|---|---|---|---|---|---|
| Library of Congress Classification | BSOP Library | BSOP Library | Filipiniana | 06/08/2015 | 36646 | BX1753 C24 2012 | 00044246 | 06/08/2015 | 06/08/2015 | Books |
